'V' Game Quiz Stats

 Plays Quiz Updated Oct 22, 2018

Score 0/32 Timer 07:00
22 Plays Today
% Correct
Venus
93.7%
Violin
88.1%
Venezuela
86.1%
Vixen
85.4%
Viola
83.5%
Virgo
76.2%
Vatican City
69.3%
Vatican City
69.2%
Minnesota Vikings
67.4%
Volvo
66.3%
Volkswagen
64%
Vietnam
63.5%
Victor
61.6%
Vanuatu
61.1%
Violet Beauregarde
59.8%
Martin Van Buren
58.5%
% Correct
Vienna
58%
Veruca Salt
54.1%
Vancouver
52.7%
Volleyball
50.8%
Vermont Avenue
44.2%
Virginia Avenue
44.1%
Vanadium
37.1%
Victoria
35.2%
Vilnius
34.7%
Ventnor Avenue
34.4%
Vaduz
32.8%
Valletta
27.2%
Vientiane
24.9%
Valentine
20.7%
Vigilius
13.7%
Vitalian
13.1%

You're not logged in!

Compare scores with friends on all Sporcle quizzes.
OR
Log In

Sporcle TV

Today on Sporcle TV


Watch our educational content, quiz creation guides, and fun videos on Sporcle TV.

Show Comments

Extras

Top Quizzes Today


Score Distribution

Your Account Isn't Verified!

In order to create a playlist on Sporcle, you need to verify the email address you used during registration. Go to your Sporcle Settings to finish the process.

Report this User

Report this user for behavior that violates our Community Guidelines.

Details: